|
|
แสดงรายละเอียดบรรณานุกรม |
|
|
Brief Record
: Get Marc (ISO 2709)
: E-mail record
: |
| LEADER 00000nama 2200000uu 4500 | |||
| 008 040531s2526 th m m a000 0 tha d | |||
| 041 tha | |||
| 050 QU145 ก170ค 2526 | |||
| 100 กรมอนามัย.กระทรวงสาธารณสุข | |||
| 245 คู่มือการเกษตรโครงการอาหารและโภชนาการแบบผสมผสานสำหรับชาวชนบท 001 | |||
| 260 กรุงเทพฯ กรม 2526 | |||
| 300 84 หน้า | |||
| 650 โภชนาการ | |||
| 998 1998-02-16 | |||
| คุณยังไม่ได้ล็อกอิน คุณสามารถมีกิจกรรมร่วมกับเว็บไซต์ได้ แต่ต้องล็อกอินก่อน :: |
|
| สถานะ | |||||||||
| 1. | หนังสือทั่วไป | QU145 ก170ค 2526 | On Shelf ขอยืม | ||||||
| 2. | หนังสือทั่วไป | QU145 ก170ค 2526 | On Shelf ขอยืม | ||||||
| 3. | หนังสือทั่วไป | QU145 ก170ค 2526 | On Shelf ขอยืม | ||||||
| 4. | หนังสือทั่วไป | QU145 ก170ค 2526 | On Shelf ขอยืม | ||||||
| 5. | หนังสือทั่วไป | QU145 ก170ค 2526 | On Shelf ขอยืม | ||||||
| [แสดง 5/5 รายการ] | |||||||||
BibComment |
| คอมเมนท์ทรัพยากรรายการนี้ |
|
|